El cambio educativo : guía de planeación para maestros /
El tema central de este trabajo es el cambio en las instituciones educativas en EUA. Los autores incluyen un análisis de la relación que existe entre los programas de desarrollo profesional del personal docente y el cambio en la escuela. Los autores argumentan que el desarrollo del personal docente...
Guardado en:
| 主要作者: | |
|---|---|
| 其他作者: | |
| 格式: | 圖書 |
| 語言: | 西班牙语 |
| 出版: |
México :
Trillas,
2000, c2000
|
| 主題: | |
| 標簽: |
沒有標簽, 成為第一個標記此記錄!
|
MARC
| LEADER | 00000nam^a2200000^a^4500 | ||
|---|---|---|---|
| 001 | 000165245 | ||
| 005 | 20250521000000.0 | ||
| 009 | 20260310101011.474 | ||
| 020 | |a 968-24-5540-5 | ||
| 037 | |a Acervo ITESO - Biblioteca | ||
| 041 | |a ESP | ||
| 082 | |a 379. 73 |b FUL | ||
| 100 | |a Fullan, Michael G. |e (autor) | ||
| 245 | 1 | 3 | |a El cambio educativo : |b guía de planeación para maestros / |c M.G. Fullan, S. Stiegelbauer ; tr. por María Elisa Moreno Canalejas ; rev. de Roberto Barocio Quijano. |
| 264 | 4 | |a México : |b Trillas, |c 2000, c2000 | |
| 300 | |a 328 p. | ||
| 336 | |a texto |b txt |2 rdacontenido | ||
| 337 | |a sin mediación |b n |2 rdamedio | ||
| 338 | |a volumen |b nc |2 rdasoporte | ||
| 500 | |a Traducción de: The New Meaning of Educational Change | ||
| 520 | |a El tema central de este trabajo es el cambio en las instituciones educativas en EUA. Los autores incluyen un análisis de la relación que existe entre los programas de desarrollo profesional del personal docente y el cambio en la escuela. Los autores argumentan que el desarrollo del personal docente y de las escuelas es uno y el mismo; el cambio significativo se produce cuando se altera la cultura de la escuela, cuando el aprendizaje permanente se convierte en una forma de vida en dichas instituciones. | ||
| 649 | |a XX | ||
| 650 | |a Modernización Educativa - |z EUA | ||
| 650 | |a Innovación Educativa | ||
| 650 | |a Reforma Educativa | ||
| 650 | |a Diseño y Revisión Curricular | ||
| 650 | |a Práctica Educativa | ||
| 650 | |a Proceso Educativo | ||
| 650 | |a Objetivo Educativo | ||
| 650 | |a Formación y Capacitación de Profesores | ||
| 650 | |a Planeación Educativa | ||
| 650 | |a Evaluación Educativa | ||
| 650 | |a Calidad de la Educación | ||
| 650 | |a Política Educativa | ||
| 650 | |a Educación y Estado - |z EUA | ||
| 650 | |a Educación y Sociedad - |z EUA | ||
| 700 | |a Stiegelbauer, Suzanne |e (autor) | ||
| 910 | |a Fondo General | ||
| 920 | |a Impresos - Libros | ||
| 930 | |a Colección General | ||
| 905 | |a 101 | ||
| 901 | |a 0500099340 |b IT1 |c ACC |u 20250521 | ||
| 901 | |a 0500099343 |b IT1 |c ACC |u 20250521 | ||
| 902 | |a https://opac.biblio.iteso.mx/vufind/Record/000165245 | ||